|
|
|
|
| LEADER |
00000cam a22000004a 4500 |
| 001 |
musev2_40993 |
| 003 |
MdBmJHUP |
| 005 |
20230905044310.0 |
| 006 |
m o d |
| 007 |
cr||||||||nn|n |
| 008 |
150722s2015 vau o 00 0 eng d |
| 020 |
|
|
|a 9780813937625
|
| 020 |
|
|
|z 9780813937618
|
| 035 |
|
|
|a (OCoLC)914255815
|
| 040 |
|
|
|a MdBmJHUP
|c MdBmJHUP
|
| 100 |
1 |
|
|a Jacobs, James A.,
|d 1974-
|e author.
|
| 245 |
1 |
0 |
|a Detached America :
|b Building Houses in Postwar Suburbia /
|c James A. Jacobs.
|
| 264 |
|
1 |
|a Charlottesville :
|b University of Virginia Press,
|c 2015.
|
| 264 |
|
3 |
|a Baltimore, Md. :
|b Project MUSE,
|c 2015
|
| 264 |
|
4 |
|c ©2015.
|
| 300 |
|
|
|a 1 online resource (272 pages).
|
| 336 |
|
|
|a text
|b txt
|2 rdacontent
|
| 337 |
|
|
|a computer
|b c
|2 rdamedia
|
| 338 |
|
|
|a online resource
|b cr
|2 rdacarrier
|
| 490 |
0 |
|
|a Midcentury : Architecture, landscape, urbanism, and design.
|
| 505 |
0 |
|
|a The housing industry reinvented -- The imagined consumer -- Livability in the minimum house -- Casual living -- The zoned house.
|
| 588 |
|
|
|a Description based on print version record.
|
| 650 |
|
7 |
|a Suburban life.
|2 fast
|0 (OCoLC)fst01136930
|
| 650 |
|
7 |
|a Suburban homes
|x Social aspects.
|2 fast
|0 (OCoLC)fst01136928
|
| 650 |
|
7 |
|a Home ownership
|x Social aspects.
|2 fast
|0 (OCoLC)fst00959361
|
| 650 |
|
7 |
|a Construction industry
|x Social aspects.
|2 fast
|0 (OCoLC)fst00876121
|
| 650 |
|
7 |
|a ARCHITECTURE
|x History
|x General.
|2 bisacsh
|
| 650 |
|
7 |
|a BUSINESS & ECONOMICS
|x Real Estate
|x General.
|2 bisacsh
|
| 650 |
|
6 |
|a Construction
|x Industrie
|x Aspect social
|z États-Unis
|x Histoire
|y 20e siecle.
|
| 650 |
|
6 |
|a Vie de la banlieue
|z États-Unis
|x Histoire
|y 20e siecle.
|
| 650 |
|
0 |
|a Construction industry
|x Social aspects
|z United States
|x History
|y 20th century.
|
| 650 |
|
0 |
|a Suburban life
|z United States
|x History
|y 20th century.
|
| 650 |
|
0 |
|a Suburban homes
|x Social aspects
|z United States
|x History
|y 20th century.
|
| 650 |
|
0 |
|a Home ownership
|x Social aspects
|z United States
|x History
|y 20th century.
|
| 651 |
|
7 |
|a United States.
|2 fast
|0 (OCoLC)fst01204155
|
| 655 |
|
7 |
|a History.
|2 fast
|0 (OCoLC)fst01411628
|
| 655 |
|
7 |
|a Electronic books.
|2 local
|
| 710 |
2 |
|
|a Project Muse.
|e distributor
|
| 830 |
|
0 |
|a Book collections on Project MUSE.
|
| 856 |
4 |
0 |
|z Texto completo
|u https://projectmuse.uam.elogim.com/book/40993/
|
| 945 |
|
|
|a Project MUSE - Custom Collection
|
| 945 |
|
|
|a Project MUSE - 2015 History
|
| 945 |
|
|
|a Project MUSE - 2015 Complete
|